000 00743nam a2200217 a 4500
001 000036484
005 20200930075745.0
008 120118s1985 sp 000 0 spa d
020 _a8420695947
040 _aDO-SdBNP
_bspa
_cBNPHU
082 _axxxx
_bH313b
100 1 _aHarris, Marvin
_960989
240 1 0 _aGoo to eat
_lEspañol
245 1 0 _aBueno para comer :
_benigmas de alimentación y cultura. /
_cHarris Marvin ; traducción Joaquín Calvo Basarán y Gonzalo Gil Catalina.
260 _aMadrid :
_bAlianza,
_c1985.
300 _a289 p. ;
_c21 cm.
500 _aTraducido del inglés
504 _aBibliografía : p.275-289
700 1 _aCalvo Basarán, Joaquín Calvo,
_etr.
_962715
700 1 _aGil Catalina, Gonzalo,
_etr.
_960990
999 _c35975
_d35975